Missing Word: 'N' #1s Quiz Stats

 Plays Quiz Updated Jan 9, 2014

Support Sporcle.
Go Orange.
Score 0/14 Timer 03:00
3 Plays Today
Single Title 'N' Word % Correct
It's ____ or NeverNow
98.7%
We Are ____ Ever Getting Back TogetherNever
98.6%
You Give Love a Bad ____Name
98.3%
All You ____ Is LoveNeed
97.2%
A Whole ____ WorldNew
95.8%
Morning Train (____ to Five)Nine
95%
Whatever Gets You Through the ____Night
93.3%
Single Title 'N' Word % Correct
____ and SlowNice
86.2%
Money for ____Nothing
84%
I Can't Get ____ to YouNext
63.2%
Baby Don't Forget My ____Number
54.9%
Alone Again (____)Naturally
38.9%
Can't ____ Hold Me DownNobody
38.4%
____ Blu Dipinto Di Blu (Volare)Nel
10.1%

Today's Daily Dose

You're not logged in!

Compare scores with friends on all Sporcle quizzes.
OR
Log In
Forgot?

From the Vault

Words That End in 1 Vowel + 'K'

by Mattchu

The best part of all these words is that you can easily transition into gargling directly after saying them.
Remove Ads.
Support Sporcle.
Get the best of Sporcle when you Go Orange. This ad-free experience offers more features, more stats, and more fun while also helping to support Sporcle. Thank you for becoming a member.

Show Comments

Extras

Top Quizzes Today


Score Distribution

Your Account Isn't Verified!

In order to create a playlist on Sporcle, you need to verify the email address you used during registration. Go to your Sporcle Settings to finish the process.

Report this User

Report this user for behavior that violates our Community Guidelines.

Details: